Kartografičeskaja letopis organ gosudarstvennoj bibliografii SSSR

Bibliographic Details
Format: Serial
Language:Russian
PhysicalDescription:zv. cm
Published: Moskva Izdateľstvo Vsesajuznoj knižnoj palaty [1955]-

MARC

LEADER 00000cas a2200000 a 4500
001 vtls008294051
003 SK-MaSNL
005 20260221124347.0
008 050811c19559999ru mr 0 0rus c
040 |a SNK  |b slo  |c SNK  |e AACR2 
041 0 |a rus 
044 |a ru  |c RU 
245 0 0 |a Kartografičeskaja letopis  |b organ gosudarstvennoj bibliografii SSSR 
260 |a Moskva  |b Izdateľstvo Vsesajuznoj knižnoj palaty  |c [1955]- 
300 |a zv.  |c cm 
310 |a Periodicita nie je známa 
910 |a snk 
999 |c 12049  |d 13979 
952 |0 0  |1 1  |4 0  |7 0  |8 2  |a SNK  |b SNK  |d 2005-08-11  |i snkČIV 145/57  |l 0  |o snkČC 1071/1955  |p 17A0481568  |r 2026-02-21 20:09:23  |w 2026-02-21  |y PREZ 
952 |0 0  |1 1  |4 0  |7 0  |a SNK  |b SNK  |d 2005-08-11  |l 0  |o snkČC 1071/1992  |p 17A0481566  |r 2026-02-21 20:59:05  |w 2026-02-21  |y PREZ